| 000 | 00509nam a2200181 i 4500 | ||
|---|---|---|---|
| 001 | 41228 | ||
| 003 | ES-MaACL | ||
| 005 | 20230906160410.0 | ||
| 007 | t| | ||
| 008 | 030310s1976 sp ||||1| spa d | ||
| 100 | 1 |
_aCarande, Ramón. _934952 |
|
| 245 | 1 | 0 |
_aSiete estudios de Historia de España / _cRamón Carande. |
| 250 | _a3ª ed. | ||
| 260 |
_aBarcelona, etc. : _bAriel, _c[1976] |
||
| 300 |
_a229 p. ; _c18 cm. |
||
| 740 | 0 | _a7 estudios de Historia de España. | |
| 852 |
_aES-MaACL _jA-7002 _bR.95431 |
||
| 999 |
_c41228 _d41228 |
||